Cultura postmoderna: introducción a las teorías de la contemporaneidad

Guardat en:
Dades bibliogràfiques
Autor principal: Connor, Steven (Autor)
Format: Llibre
Idioma:espanyol
Publicat: Madrid Akal 1996
Col·lecció:Colección Arte y Estética, 36
Matèries:
Etiquetes: Afegir etiqueta
Sense etiquetes, Sigues el primer a etiquetar aquest registre!

MARC

LEADER 00000nam a2200000 a 4500
001 UCP5697
003 CL-VaPUC
008 990927e19960000SP |||||||||||||||||spa|d
082 0 4 |a 306  |b CON  |2 21 
100 0 |a Connor, Steven  |e author  |9 434203 
245 1 0 |a Cultura postmoderna: introducción a las teorías de la contemporaneidad 
300 |a 200 p 
942 |c BK 
945 |d 19990927 00:00:00  |a rbrito 
260 |a Madrid  |b Akal  |c 1996 
650 0 |a Cultura  |9 269059 
650 0 |a Posmodernismo   |9 330532 
650 0 |a Estética   |9 264950 
650 0 |a Literatura  |9 259151 
650 0 |a Televisión  |9 256845 
650 0 |a Arquitectura  |9 804558 
583 |a last modification  |c 19990927 00:00:00  |k Rodrigo Vera 
490 0 |a Colección Arte y Estética, 36 
999 |c 283371  |d 283369 
952 |0 0  |1 0  |4 0  |6 306_000000000000000_CON_1996  |7 0  |8 A  |9 326453  |a FDOPOS  |b FDOPOS  |d 2019-11-20  |i 3530108  |o 306 CON 1996  |p 3530108  |r 2023-08-09  |w 2019-11-20  |y BK  |k MLH